[Event "41st Olympiad Women 2014"]
[Site "Tromso NOR"]
[Date "2014.08.14"]
[Round "11.41"]
[Board "3"]
[White "Kremer, Nadine"]
[Black "Alattar, Ghayda M."]
[Result "1/2-1/2"]
[BlackTitle "WFM"]
[WhiteElo "1844"]
[BlackElo "1950"]
[WhiteTeam "Luxembourg"]
[BlackTeam "Jordan"]
[WhiteFideId "4002970"]
[BlackFideId "8101531"]
[EventDate "2014.08.02"]

1. e4 e5 2. Nc3 Nf6 3. f4 d6 4. Nf3 Bg4 5. Bc4 Nc6 6. h3 Bxf3 7. Qxf3 Nd4 8. Qd3
c6 9. O-O b5 10. Bb3 c5 11. Nxb5 Nxb3 12. axb3 exf4 13. Rxf4 a6 14. Nc3 Be7 15.
Rxa6 O-O 16. Rxa8 Qxa8 17. Rf1 Qa7 18. Kh2 Re8 19. Qf3 Bd8 20. d3 Rf8 21. Bf4
Qb6 22. e5 dxe5 23. Bxe5 Qe6 24. Bg3 Ba5 25. Qf5 Qc6 26. Re1 g6 27. Qg5 Nh5 28.
Bf2 Bc7+ 29. Kg1 Qd6 30. g3 Nxg3 31. Qxg3 Qxg3+ 32. Bxg3 Bxg3 33. Re3 Bf4 34.
Re4 g5 35. Na4 f5 36. Re6 Rc8 37. Kf2 Kf7 38. Rh6 Kg7 39. Re6 Kf7 40. Rh6 Kg7 1/2-1/2

[Event "41st Olympiad Women 2014"]
[Site "Tromso NOR"]
[Date "2014.08.14"]
[Round "11.41"]
[Board "4"]
[White "Boshra, Alshaeby"]
[Black "Bakalarz, Grazyna"]
[Result "1/2-1/2"]
[WhiteTitle "WFM"]
[BlackTitle "WFM"]
[WhiteElo "1947"]
[BlackElo "1972"]
[WhiteTeam "Jordan"]
[BlackTeam "Luxembourg"]
[WhiteFideId "8102937"]
[BlackFideId "4000730"]
[EventDate "2014.08.02"]

1. d4 Nf6 2. c4 g6 3. Nc3 d5 4. cxd5 Nxd5 5. Bd2 Bg7 6. e4 Nb6 7. Be3 O-O 8. h3
e5 9. Nf3 exd4 10. Bxd4 Bxd4 11. Qxd4 Qe7 12. Be2 Be6 13. O-O Nc6 14. Qe3 Bc4
15. Bxc4 Nxc4 16. Qh6 f6 17. Nd5 Qf7 18. b3 N4e5 19. Nh2 Rac8 20. f4 Nd7 21.
Rad1 Rfe8 22. Rfe1 Ne7 23. Ng4 Nxd5 24. Qh4 Kg7 25. Rxd5 Nb6 26. Rd3 h5 27. Nf2
Rcd8 28. Rxd8 Rxd8 29. e5 Rf8 30. Ne4 fxe5 31. Ng5 Qd7 32. fxe5 Qf5 33. e6 Qc5+
34. Kh1 Re8 35. e7 Qc3 36. Ne6+ Kg8 37. Rf1 Nd7 38. Qg5 Qd3 39. Rc1 Qf5 40. Qxf5
gxf5 41. Rxc7 Rxe7 42. Rxb7 Rxe6 43. Rxd7 Ra6 44. a4 Rb6 45. Rxa7 Rxb3 46. Ra5
Ra3 47. Rxf5 Rxa4 48. Rxh5 Kg7 49. h4 Kg6 50. Rg5+ Kh6 51. g3 Ra2 52. Kg1 Rb2
53. Rf5 Kg6 54. Rf2 Rb1+ 55. Kg2 Rb3 56. g4 Rb4 57. Kg3 Rb3+ 58. Rf3 Rb1 59. h5+
Kg7 60. g5 Rh1 61. Kg4 Rh2 62. h6+ Kg6 63. Rf6+ Kh7 64. Rf7+ Kg8 65. Rg7+ Kh8
66. Kf5 Rxh6 67. Re7 Ra6 68. Re6 Rxe6 69. Kxe6 Kg7 70. Kf5 Kf7 71. g6+ Kg7 72.
Kg5 Kg8 73. Kf6 Kf8 74. Kg5 Kg7 75. Kh5 Kg8 76. Kg4 Kg7 77. Kf5 Kg8 78. Kg5 Kg7
79. Kh5 Kg8 80. Kg4 Kg7 81. Kf5 Kg8 82. Kf6 Kf8 83. Ke6 Kg7 84. Kf5 1/2-1/2

[Event "41st Olympiad Women 2014"]
[Site "Tromso NOR"]
[Date "2014.08.14"]
[Round "11.42"]
[Board "1"]
[White "Skytte, Torill"]
[Black "Frick, Denise"]
[Result "1-0"]
[BlackTitle "WIM"]
[WhiteElo "1991"]
[BlackElo "1892"]
[WhiteTeam "Norway 3"]
[BlackTeam "South Africa"]
[WhiteFideId "1503260"]
[BlackFideId "14300818"]
[EventDate "2014.08.02"]

1. d4 f5 2. c4 Nf6 3. Nc3 d6 4. Bg5 Nbd7 5. e3 g6 6. h4 Bg7 7. Nh3 h6 8. Bxf6
Nxf6 9. Nf4 Kf7 10. c5 c6 11. d5 cxd5 12. Ncxd5 dxc5 13. Qb3 e6 14. Nc3 a6 15.
a4 g5 16. hxg5 hxg5 17. Rxh8 Bxh8 18. Nh3 Ng4 19. Rd1 Qe7 20. Be2 Ne5 21. a5 Nc6
22. Na4 Nxa5 23. Bh5+ Kg8 24. Qb6 Nc6 25. Nxc5 Be5 26. Nd3 Bc7 27. Qb3 b5 28. g4
Kh7 29. Rc1 Na5 30. Qc3 Nc4 31. Ra1 Bb7 32. b3 Nd6 33. Nxg5+ Kh6 34. Nxe6 Qxe6
35. Qxc7 fxg4 36. Nf4 Qf6 37. Rd1 Rd8 38. Bxg4 Be4 39. Qc5 Nf7 40. Qh5+ Kg7 41.
Ne6+ Kg8 42. Rxd8+ Nxd8 43. Qe8+ Kh7 44. Qxd8 Qc3+ 45. Qd2 Qa1+ 46. Bd1 a5 47.
Ng5+ 1-0

[Event "41st Olympiad Women 2014"]
[Site "Tromso NOR"]
[Date "2014.08.14"]
[Round "11.42"]
[Board "2"]
[White "Solomons, Anzel"]
[Black "Kyrkjebo, Hanna B."]
[Result "1-0"]
[WhiteTitle "WIM"]
[WhiteElo "1840"]
[BlackElo "1756"]
[WhiteTeam "South Africa"]
[BlackTeam "Norway 3"]
[WhiteFideId "14300800"]
[BlackFideId "1511599"]
[EventDate "2014.08.02"]

1. d4 d5 2. c4 c6 3. Nc3 Nf6 4. Nf3 a6 5. e3 b5 6. b3 Bg4 7. Be2 e6 8. O-O Nbd7
9. Qc2 Bd6 10. e4 dxe4 11. Nxe4 Bc7 12. Ba3 Qb8 13. g3 b4 14. Bb2 O-O 15. Rfd1
Qb6 16. Ne5 Bf5 17. Bd3 Bg6 18. Nxg6 hxg6 19. Rac1 Rad8 20. d5 c5 21. dxe6 Qxe6
22. Re1 Qc6 23. Ng5 Rfe8 24. f4 Nf8 25. Bf1 Rxe1 26. Rxe1 Re8 27. Rd1 Ng4 28.
Bg2 Qb6 29. Qd2 Rd8 30. Bd5 Ne6 31. Qe2 Nxg5 32. fxg5 Nxh2 33. Kxh2 Qb8 34. Qf3
Rf8 35. Re1 Qd8 36. Bc1 Qd7 37. Bf4 Bd8 38. Rd1 Qf5 39. Be4 Qc8 40. Bd5 Qf5 41.
Be4 Qc8 42. Bxg6 fxg6 43. Qd5+ Kh8 44. Kg2 Rxf4 45. Rh1+ Rh4 46. Rxh4# 1-0

[Event "41st Olympiad Women 2014"]
[Site "Tromso NOR"]
[Date "2014.08.14"]
[Round "11.42"]
[Board "3"]
[White "Kyrkjebo, Marte B."]
[Black "Tlale, Tshepang"]
[Result "0-1"]
[BlackTitle "WIM"]
[WhiteElo "1732"]
[BlackElo "1798"]
[WhiteTeam "Norway 3"]
[BlackTeam "South Africa"]
[WhiteFideId "1511602"]
[BlackFideId "14304503"]
[EventDate "2014.08.02"]

1. e4 c5 2. Nc3 e6 3. g3 a6 4. Bg2 Nc6 5. d3 Nge7 6. Be3 d6 7. Nge2 g6 8. Qd2
Bg7 9. Bh6 O-O 10. Bxg7 Kxg7 11. O-O d5 12. Qc1 d4 13. Nd1 e5 14. f4 f6 15. Nf2
Qd6 16. h3 Bd7 17. Ng4 Bxg4 18. hxg4 Qd7 19. Bf3 b5 20. Kg2 h6 21. g5 fxg5 22.
fxg5 h5 23. Rh1 Rh8 24. Rh4 Nd8 25. g4 Ne6 26. gxh5 gxh5 27. Bxh5 Ng6 28. Bxg6
Rxh4 29. Bf5 Rah8 30. Qg1 Qe7 31. g6 Qg5+ 32. Ng3 Nf4+ 33. Kf2 Rh2+ 34. Kf3 Ng2
35. Kf2 Qe3+ 36. Kf1 Qf3+ 37. Qf2 Rh1+ 38. Nxh1 Rxh1# 0-1

[Event "41st Olympiad Women 2014"]
[Site "Tromso NOR"]
[Date "2014.08.14"]
[Round "11.42"]
[Board "4"]
[White "Fisher, Michelle M"]
[Black "Jacobsen, Elise Sjottem"]
[Result "1-0"]
[WhiteTitle "WCM"]
[WhiteElo "1657"]
[BlackElo "1697"]
[WhiteTeam "South Africa"]
[BlackTeam "Norway 3"]
[WhiteFideId "14307553"]
[BlackFideId "1516493"]
[EventDate "2014.08.02"]

1. e4 c5 2. Nf3 d6 3. d4 cxd4 4. Nxd4 Nf6 5. Nc3 g6 6. Be3 Bg7 7. f3 Nc6 8. Qd2
O-O 9. O-O-O d5 10. Kb1 Nxd4 11. e5 Nxf3 12. gxf3 Nd7 13. Nxd5 Bxe5 14. Bh6 Bg7
15. Bxg7 Kxg7 16. Qc3+ f6 17. Nc7 Kh8 18. Nxa8 1-0

[Event "41st Olympiad Women 2014"]
[Site "Tromso NOR"]
[Date "2014.08.14"]
[Round "11.43"]
[Board "1"]
[White "Baklanova, Tatiana"]
[Black "Tuominen, Tanja"]
[Result "1/2-1/2"]
[WhiteTitle "WIM"]
[BlackTitle "WIM"]
[WhiteElo "2229"]
[BlackElo "2103"]
[WhiteTeam "ICCD"]
[BlackTeam "Finland"]
[WhiteFideId "14100754"]
[BlackFideId "502340"]
[EventDate "2014.08.02"]

1. f4 d5 2. Nf3 Nf6 3. d3 d4 4. e4 dxe3 5. Bxe3 Bg4 6. h3 Bxf3 7. Qxf3 Nd5 8.
Bf2 e6 9. c3 Bd6 10. g3 O-O 11. Nd2 Nd7 12. d4 Rc8 13. Bd3 c5 14. Ne4 Be7 15.
O-O cxd4 16. Bxd4 Nc5 17. Bc2 b5 18. Rfd1 Qc7 19. Qh5 h6 20. Qg4 g6 21. Nf2 Bf6
22. Qf3 h5 23. Kh1 Kg7 24. f5 Bxd4 25. Rxd4 Qe5 26. g4 Qe3 27. f6+ Kh6 28. Qxe3+
Nxe3 29. Bd3 e5 30. Rd6 Rfd8 31. Rxd8 Rxd8 32. Bxb5 Rd2 33. Kg1 Rxb2 34. Be8
hxg4 35. hxg4 Kg5 36. Re1 Nxg4 37. Nxg4 Kxg4 38. Rxe5 Rb1+ 39. Kg2 Rb2+ 40. Kg1
Rb1+ 41. Kg2 Rb2+ 42. Kg1 Rb1+ 1/2-1/2

[Event "41st Olympiad Women 2014"]
[Site "Tromso NOR"]
[Date "2014.08.14"]
[Round "11.43"]
[Board "2"]
[White "Puuska, Heini"]
[Black "Mucha, Annegret"]
[Result "1/2-1/2"]
[WhiteTitle "WFM"]
[BlackTitle "WCM"]
[WhiteElo "1975"]
[BlackElo "2008"]
[WhiteTeam "Finland"]
[BlackTeam "ICCD"]
[WhiteFideId "502324"]
[BlackFideId "24622788"]
[EventDate "2014.08.02"]

1. c4 Nf6 2. g3 c5 3. Bg2 Nc6 4. Nc3 g6 5. Nf3 Bg7 6. O-O O-O 7. d3 d5 8. cxd5
Nxd5 9. Bd2 Nxc3 10. bxc3 Bg4 11. h3 Bd7 12. Rb1 b6 13. Qc1 Qc8 14. Kh2 Qa6 15.
Rb2 Rac8 16. Bh6 e5 17. Bxg7 Kxg7 18. Rd1 f6 19. Qb1 Rfd8 20. Rbd2 Na5 21. Nh4
Ba4 22. f4 Bxd1 23. Qxd1 Nc6 24. e3 b5 25. Qg4 Ne7 26. f5 g5 27. Nf3 h6 28. h4
Rh8 29. hxg5 hxg5+ 30. Kg1 Rcg8 31. d4 cxd4 32. cxd4 Qc8 33. dxe5 Nxf5 34. exf6+
Kxf6 35. Bf1 Qc5 36. Nd4 Nxd4 37. exd4 Qd5 38. Rf2+ Ke7 39. Bg2 Qc4 40. Qe4+ Qe6
41. Qb7+ Kd8 42. Qb8+ Qc8 43. Qd6+ Qd7 44. Qb8+ Qc8 45. Qd6+ Qd7 46. Qb8+ 1/2-1/2

[Event "41st Olympiad Women 2014"]
[Site "Tromso NOR"]
[Date "2014.08.14"]
[Round "11.43"]
[Board "3"]
[White "Myronenko, Natalya"]
[Black "Walta, Paivi"]
[Result "1-0"]
[BlackTitle "WFM"]
[WhiteElo "1942"]
[BlackElo "1794"]
[WhiteTeam "ICCD"]
[BlackTeam "Finland"]
[WhiteFideId "14124530"]
[BlackFideId "504513"]
[EventDate "2014.08.02"]

1. e4 c5 2. Nf3 g6 3. d4 Bg7 4. Be2 cxd4 5. Nxd4 Nc6 6. Nb3 Nf6 7. Nc3 O-O 8.
O-O d6 9. Kh1 Bd7 10. f4 Qc8 11. Bf3 Bg4 12. a3 Bxf3 13. Rxf3 a5 14. Be3 a4 15.
Nd4 Ra5 16. Qd3 Rd8 17. Rd1 Rd7 18. Qe2 Qd8 19. Ndb5 e6 20. Bg1 Ra8 21. Rfd3 Ne8
22. e5 d5 23. Bc5 Na5 24. Nxa4 Nc4 25. b3 Rxa4 26. bxa4 Nb2 27. Rb1 Nxd3 28.
cxd3 Qa5 29. Qc2 Bh6 30. g3 Qa6 31. Qb3 d4 32. Nxd4 Nc7 33. Qxb7 f6 34. Qxa6
Nxa6 35. Bd6 fxe5 36. fxe5 Be3 37. Nxe6 Kf7 38. Nf4 g5 39. e6+ 1-0

[Event "41st Olympiad Women 2014"]
[Site "Tromso NOR"]
[Date "2014.08.14"]
[Round "11.43"]
[Board "4"]
[White "Kujasalo, Marjatta"]
[Black "Gerasimova, Olga"]
[Result "0-1"]
[BlackTitle "WIM"]
[WhiteElo "1663"]
[BlackElo "2045"]
[WhiteTeam "Finland"]
[BlackTeam "ICCD"]
[WhiteFideId "507466"]
[BlackFideId "24109622"]
[EventDate "2014.08.02"]

1. d4 Nf6 2. Nf3 g6 3. g3 d5 4. Bg2 Bg7 5. O-O O-O 6. Nbd2 Nbd7 7. c4 e6 8. Re1
Rb8 9. Qc2 b6 10. cxd5 exd5 11. Ne5 Nxe5 12. dxe5 Ng4 13. Nf3 Nxe5 14. Nxe5 Bxe5
15. Rd1 Bb7 16. Bh6 Re8 17. Bxd5 Bxd5 18. e4 Qf6 19. Bc1 Bb7 20. Rb1 Bd4 21.
Rxd4 Qxd4 22. Be3 Qxe4 23. Qxe4 Bxe4 24. Rc1 c5 0-1

[Event "41st Olympiad Women 2014"]
[Site "Tromso NOR"]
[Date "2014.08.14"]
[Round "11.44"]
[Board "1"]
[White "Matoussi, Amina"]
[Black "Pulpan, Oana"]
[Result "1/2-1/2"]
[WhiteTitle "WFM"]
[BlackTitle "WFM"]
[WhiteElo "1747"]
[BlackElo "1846"]
[WhiteTeam "Tunisia"]
[BlackTeam "Malta"]
[WhiteFideId "5501164"]
[BlackFideId "5600502"]
[EventDate "2014.08.02"]

1. Nf3 f5 2. g3 Nf6 3. Bg2 d6 4. d4 g6 5. c3 Bg7 6. Qb3 d5 7. c4 c6 8. cxd5 Qxd5
9. Qc2 Ne4 10. e3 Qa5+ 11. Nbd2 Be6 12. O-O Bd5 13. Nxe4 Bxe4 14. Qb3 Qb6 15.
Qxb6 axb6 16. Ng5 Bxg2 17. Kxg2 Bf6 18. Nf3 Nd7 19. Bd2 Kf7 20. Bc3 Rhe8 21.
Ne5+ Nxe5 22. dxe5 Bh8 23. Rfd1 Red8 24. a3 Ke6 25. f4 Rd7 26. Rxd7 Kxd7 27.
Rd1+ Kc7 28. Kf3 Rd8 29. Rxd8 Kxd8 30. e4 e6 31. exf5 gxf5 32. g4 fxg4+ 33. Kxg4
Ke7 34. Kh5 Bg7 35. Be1 Kf7 36. Bh4 Bf8 37. a4 Bc5 38. Kh6 Kg8 39. b3 Bf8+ 40.
Kh5 Kf7 41. Bd8 b5 42. axb5 cxb5 43. Bc7 1/2-1/2

[Event "41st Olympiad Women 2014"]
[Site "Tromso NOR"]
[Date "2014.08.14"]
[Round "11.44"]
[Board "3"]
[White "Krifa, Najla"]
[Black "Farrugia, Jamie"]
[Result "0-1"]
[WhiteTitle "WFM"]
[BlackTitle "WCM"]
[WhiteElo "1759"]
[BlackElo "1541"]
[WhiteTeam "Tunisia"]
[BlackTeam "Malta"]
[WhiteFideId "5501040"]
[BlackFideId "5600898"]
[EventDate "2014.08.02"]

1. e4 e5 2. d4 exd4 3. Bc4 Nc6 4. Nf3 Bc5 5. c3 Nf6 6. e5 d5 7. Bb5 Ne4 8. cxd4
Bb4+ 9. Bd2 Nxd2 10. Nbxd2 O-O 11. O-O Bg4 12. Nb3 f6 13. Be2 Re8 14. a3 Bf8 15.
Re1 fxe5 16. Nxe5 Bxe2 17. Rxe2 Qd6 18. Nf3 Re6 19. Rxe6 Qxe6 20. Qd2 Bd6 21.
Re1 Qg4 22. Ne5 Qh5 23. f4 Ne7 24. Re3 Rf8 25. Rf3 Bxe5 26. dxe5 c6 27. Nd4 Ng6
28. Qe1 Rxf4 29. Rxf4 Nxf4 30. e6 Qg5 31. g3 Ng6 32. Qc3 Qe7 33. Nf5 Qf6 34. e7
Kf7 35. Qxf6+ gxf6 36. e8=Q+ Kxe8 37. Nd6+ Ke7 38. Nxb7 Ne5 39. Nc5 Kd6 40. Nb7+
Ke7 41. Nc5 Nc4 42. Nd3 Ke6 43. Kf2 Kf5 44. Nb4 Na5 45. Kf3 h5 46. Nd3 Nc4 47.
Nb4 Ne5+ 48. Kf2 Ke4 49. Ke2 c5 50. Na6 Nd3 51. b4 c4 52. Nc5+ Nxc5 53. bxc5 Ke5 0-1

[Event "41st Olympiad Women 2014"]
[Site "Tromso NOR"]
[Date "2014.08.14"]
[Round "11.44"]
[Board "4"]
[White "Axiaq, Ariana"]
[Black "Ben Said, Safa"]
[Result "1-0"]
[BlackTitle "WCM"]
[WhiteElo "1346"]
[BlackElo "1589"]
[WhiteTeam "Malta"]
[BlackTeam "Tunisia"]
[WhiteFideId "5601703"]
[BlackFideId "5503400"]
[EventDate "2014.08.02"]

1. e4 e6 2. d3 d5 3. Nd2 Nf6 4. Ngf3 b6 5. g3 Bb7 6. e5 Nfd7 7. d4 c5 8. c3 Nc6
9. Bg2 Be7 10. O-O c4 11. Re1 Nf8 12. Nf1 g5 13. h3 h5 14. N3h2 Ng6 15. Qc2 Qd7
16. Ne3 O-O-O 17. Rf1 h4 18. Nhg4 Rdg8 19. b4 Qd8 20. a4 f5 21. exf6 Bxf6 22.
Nxf6 Qxf6 23. Ng4 Qd8 24. Re1 hxg3 25. fxg3 Nf8 26. Qa2 Qc7 27. Kh2 Ne7 28. Ne5
Nf5 29. a5 b5 30. Qf2 Rh6 31. Kg1 Rh7 32. Be3 Nd7 33. Bd2 a6 34. g4 Nxe5 35.
Rxe5 Nh4 36. Rxg5 Rxg5 37. Bxg5 Nxg2 38. Kxg2 Rf7 39. Qg3 Qd7 40. Bf4 Re7 41.
Be5 Re8 42. Qh4 Qf7 43. Qh5 Qxh5 44. gxh5 Rg8+ 45. Kh2 Rg5 46. h6 Rh5 47. Bg7
Kd8 48. Rf1 Ke7 49. Kg3 Bc6 50. Rf4 Be8 51. h4 Bg6 52. Rg4 Kf7 53. Rg5 Rxg5+ 54.
hxg5 Bh7 55. Kf4 Bg6 56. Ke5 Ke7 57. Bf6+ Kd7 58. Kf4 Ke8 59. Kg4 Kf7 60. Kf4
Ke8 61. Ke5 Kd7 62. Bd8 Kxd8 63. Kf6 e5 64. Kxg6 exd4 65. h7 d3 66. h8=Q+ Kd7
67. Qd4 1-0

[Event "41st Olympiad Women 2014"]
[Site "Tromso NOR"]
[Date "2014.08.14"]
[Round "11.45"]
[Board "1"]
[White "Cori T., Deysi"]
[Black "Wakuruwarewa, Colletta"]
[Result "1-0"]
[WhiteTitle "WGM"]
[WhiteElo "2422"]
[BlackElo "1633"]
[WhiteTeam "Peru"]
[BlackTeam "Zimbabwe"]
[WhiteFideId "3801934"]
[BlackFideId "11001305"]
[EventDate "2014.08.02"]

1. d4 Nf6 2. Nf3 d5 3. c4 Bf5 4. Nc3 c6 5. Qb3 b6 6. cxd5 Nxd5 7. Ne5 e6 8. e3
Nb4 9. e4 Qxd4 10. Nf3 Nd3+ 11. Bxd3 Qxd3 12. exf5 Qxf5 13. Be3 Be7 14. O-O O-O
15. Rad1 c5 16. Qb5 Bd8 17. Rd2 a6 18. Qa4 Bf6 19. Ne4 Be7 20. Ng3 Qg6 21. Ne5
Qf6 22. Qe4 Ra7 23. Rfd1 Rd8 24. Nh5 1-0

[Event "41st Olympiad Women 2014"]
[Site "Tromso NOR"]
[Date "2014.08.14"]
[Round "11.45"]
[Board "2"]
[White "Zengeni, Tatenda Melisa"]
[Black "Apaza, Flor"]
[Result "0-1"]
[WhiteElo "1660"]
[BlackElo "1552"]
[WhiteTeam "Zimbabwe"]
[BlackTeam "Peru"]
[WhiteFideId "11001313"]
[BlackFideId "3801888"]
[EventDate "2014.08.02"]

1. d4 Nf6 2. Nf3 e6 3. e3 d5 4. Bd3 c5 5. b3 Nc6 6. Bb2 Bd7 7. Nbd2 a6 8. O-O b5
9. e4 cxd4 10. exd5 Nxd5 11. Nxd4 Rc8 12. Nxc6 Bxc6 13. c4 Nf4 14. Be4 Bxe4 15.
Nxe4 bxc4 16. Qxd8+ Kxd8 17. Rad1+ Ke8 18. bxc4 Rxc4 19. Nd6+ Bxd6 20. Rxd6 Ke7
21. Rfd1 Nd5 22. Rxa6 f6 23. Ra7+ Rc7 24. Ra4 Rhc8 25. Rh4 h6 26. a4 Rc2 27.
Ba3+ Kf7 28. Rhd4 Ra2 29. Bd6 Nc3 30. R4d2 Rxa4 31. Re1 Ne4 32. Rdd1 Rc2 33. Bg3
e5 34. Ra1 Rb4 35. f3 Nxg3 36. hxg3 Rbb2 37. Kh2 Rxg2+ 38. Kh3 Rh2+ 39. Kg4 h5+
40. Kf5 g6+ 41. Ke4 Rb4+ 42. Ke3 Rb3+ 43. Ke4 Rd2 44. Rad1 Ke6 0-1

[Event "41st Olympiad Women 2014"]
[Site "Tromso NOR"]
[Date "2014.08.14"]
[Round "11.45"]
[Board "3"]
[White "Bocangel Chavez, Marjoire J."]
[Black "Masiyazi, Rhoda"]
[Result "1-0"]
[WhiteElo "1731"]
[BlackElo "1920"]
[WhiteTeam "Peru"]
[BlackTeam "Zimbabwe"]
[WhiteFideId "3810500"]
[BlackFideId "11000090"]
[EventDate "2014.08.02"]

1. e4 e5 2. Nf3 d6 3. d4 exd4 4. Nxd4 h6 5. Bc4 Nf6 6. Nc3 Bg4 7. f3 Bh5 8. Bf4
Nbd7 9. Nf5 Ne5 10. Bb3 g6 11. Ng3 g5 12. Be3 Bg6 13. Qd2 a6 14. O-O-O Qd7 15.
Ba4 b5 16. Bb3 a5 17. a4 b4 18. Nb5 Be7 19. f4 gxf4 20. Bxf4 Nxe4 21. Nxe4 Bxe4
22. Bxe5 Rg8 23. Rhf1 Rxg2 24. Rf2 Rxf2 25. Qxf2 f5 26. Qg3 O-O-O 27. Qf2 c6 28.
Nxd6+ Bxd6 29. Rxd6 Qe7 30. Rxd8+ Qxd8 31. Qd2 Qh4 32. Bg3 Qf6 33. Qd6 Qxd6 34.
Bxd6 h5 35. Kd2 Kd7 36. Bf8 h4 37. c3 bxc3+ 38. Kxc3 Bg2 39. Kd3 h3 40. Ke3 Bf1
41. Bc2 Ke6 42. Kf4 Kd5 43. Bxf5 Kc4 44. Be6+ Kd3 45. Kg3 Kc2 46. Bg7 Bg2 47.
Bxh3 Bd5 48. Bg2 Kb3 49. Bxd5+ cxd5 50. Kf3 Kxa4 51. h4 Kb5 52. h5 1-0

[Event "41st Olympiad Women 2014"]
[Site "Tromso NOR"]
[Date "2014.08.14"]
[Round "11.45"]
[Board "4"]
[White "Zengeni, Paidaishe"]
[Black "Valdivia Cano, Nicole"]
[Result "0-1"]
[WhiteTitle "WCM"]
[WhiteElo "1678"]
[BlackElo "1550"]
[WhiteTeam "Zimbabwe"]
[BlackTeam "Peru"]
[WhiteFideId "11000660"]
[BlackFideId "3817504"]
[EventDate "2014.08.02"]

1. e4 e5 2. Nf3 Nc6 3. d4 exd4 4. Bc4 Bc5 5. Ng5 Nh6 6. Nxf7 Bb4+ 7. c3 Bxc3+ 8.
bxc3 Nxf7 9. Bxf7+ Kxf7 10. cxd4 Re8 11. Nc3 d6 12. O-O Kg8 13. Be3 a6 14. f4 b5
15. a3 Bb7 16. f5 Qf6 17. Nd5 Qf7 18. f6 Rxe4 19. Rf5 g6 20. Rf3 Qxd5 21. f7+
Kg7 22. Bh6+ Kxh6 23. f8=Q+ Rxf8 24. Rxf8 Qxd4+ 25. Qxd4 Nxd4 26. Rf7 Ne6 27.
Rc1 a5 28. Rc3 b4 29. Rh3+ Kg5 30. Rg3+ Rg4 31. h4+ Kxh4 0-1

[Event "41st Olympiad Women 2014"]
[Site "Tromso NOR"]
[Date "2014.08.14"]
[Round "11.46"]
[Board "1"]
[White "Mudongo, Boikhutso"]
[Black "Olatunji, Oluwatobiloba"]
[Result "1/2-1/2"]
[WhiteTitle "WIM"]
[BlackTitle "WFM"]
[WhiteElo "1844"]
[BlackElo "1860"]
[WhiteTeam "Botswana"]
[BlackTeam "Nigeria"]
[WhiteFideId "11300230"]
[BlackFideId "8500924"]
[EventDate "2014.08.02"]

1. e4 e6 2. d4 d5 3. Nc3 Nf6 4. Bg5 Be7 5. e5 Nfd7 6. Bxe7 Qxe7 7. Qd2 a6 8. f4
c5 9. Nf3 Nc6 10. g3 b5 11. Bg2 Bb7 12. O-O cxd4 13. Ne2 Nb6 14. b3 Qc5 15.
Nexd4 Rc8 16. Rf2 Nxd4 17. Nxd4 Qc3 18. Qxc3 Rxc3 19. Rd2 Ke7 20. Re1 g6 21. Kf2
Rhc8 22. a3 Nd7 23. Re3 Nb8 24. Bf1 Nd7 25. Rxc3 Rxc3 26. Rd3 Rc7 27. Rd2 Nc5
28. Ke3 Ne4 29. Rd1 Nc3 30. Re1 Bc8 31. Bd3 Bb7 32. Ne2 Nxe2 33. Rxe2 Kd7 34.
Kd4 Kc6 1/2-1/2

[Event "41st Olympiad Women 2014"]
[Site "Tromso NOR"]
[Date "2014.08.14"]
[Round "11.47"]
[Board "1"]
[White "Wang, Chengjia"]
[Black "Menon Jayadev, Poornima"]
[Result "1-0"]
[BlackTitle "WFM"]
[WhiteElo "1989"]
[BlackElo "1935"]
[WhiteTeam "South Korea"]
[BlackTeam "Ireland"]
[WhiteFideId "8601844"]
[BlackFideId "2501775"]
[EventDate "2014.08.02"]

1. d4 d5 2. c4 e6 3. Nc3 Nf6 4. Nf3 Be7 5. Bg5 Nbd7 6. e3 O-O 7. Bd3 b6 8. Ne5
Bb7 9. O-O c5 10. Qf3 cxd4 11. exd4 Qc8 12. cxd5 Nxd5 13. Nxd5 Bxg5 14. Qh5 h6
15. f4 Nxe5 16. fxg5 Bxd5 17. gxh6 Nxd3 18. Qg5 g6 19. Qf6 1-0

[Event "41st Olympiad Women 2014"]
[Site "Tromso NOR"]
[Date "2014.08.14"]
[Round "11.47"]
[Board "2"]
[White "Mirza, Diana"]
[Black "Lim, Hakyung"]
[Result "1-0"]
[BlackTitle "WCM"]
[WhiteElo "1734"]
[BlackElo "1567"]
[WhiteTeam "Ireland"]
[BlackTeam "South Korea"]
[WhiteFideId "2503999"]
[BlackFideId "13200615"]
[EventDate "2014.08.02"]

1. e4 c5 2. Nf3 Nc6 3. Bb5 g6 4. Bxc6 bxc6 5. O-O Bg7 6. c3 d5 7. Re1 Be6 8. Ng5
Qd7 9. Nxe6 Qxe6 10. exd5 Qxd5 11. Na3 Nf6 12. Nc2 e6 13. d4 cxd4 14. Nxd4 O-O
15. Be3 Rfd8 16. Qa4 c5 17. Nc6 Re8 18. Rad1 Qh5 19. h3 Nd5 20. Rd3 Bf8 21. Bc1
Qf5 22. Rf3 Qh5 23. Ne5 f5 24. Nd7 Kg7 25. Qc6 Rac8 26. Qa6 Rc7 27. Nxf8 Rxf8
28. Rxe6 Nb6 29. Qe2 Qh4 30. Qe5+ 1-0

[Event "41st Olympiad Women 2014"]
[Site "Tromso NOR"]
[Date "2014.08.14"]
[Round "11.47"]
[Board "3"]
[White "Cho, Yeonhee"]
[Black "Lowry-O'Reilly, Hannah"]
[Result "1/2-1/2"]
[WhiteTitle "WCM"]
[BlackTitle "WFM"]
[WhiteElo "1525"]
[BlackElo "1731"]
[WhiteTeam "South Korea"]
[BlackTeam "Ireland"]
[WhiteFideId "13201190"]
[BlackFideId "2501597"]
[EventDate "2014.08.02"]

1. e4 e6 2. d4 d5 3. exd5 exd5 4. Bd3 Nc6 5. c3 Bd6 6. Nf3 Nf6 7. O-O O-O 8. Bg5
h6 9. Bh4 Be7 10. Re1 Re8 11. Qc2 Nh5 12. Nbd2 Bxh4 13. Nxh4 Be6 14. Nhf3 Nf4
15. Bf1 Qd7 16. Nb3 b6 17. Bb5 Ng6 18. Bd3 Nge7 19. Nbd2 Na5 20. b3 a6 21. Rac1
Nb7 22. Qb1 Nc6 23. Ne5 Nxe5 24. Rxe5 Nd6 25. Ree1 Nb5 26. Nf3 Nd6 27. Ne5 Qe7
28. Nf3 Qf6 29. Qc2 Nf5 30. Re2 Nd6 31. Ree1 b5 32. Qd2 Rac8 33. Re2 Bg4 34.
Rxe8+ Rxe8 35. Ne5 Bf5 36. Bxf5 Qxf5 37. f3 Nb7 38. Nd3 f6 39. Rd1 Kf7 40. Nb4
a5 41. Nc2 Nd8 42. Ne3 Qd7 43. Qd3 c6 44. Kf2 Ne6 45. Qd2 Nf4 46. Re1 Ng6 47.
Rd1 1/2-1/2